000 01215nam0a2200349 4500
001 RU\NLR\bibl\107940
005 20260408191243.0
010 _a5-93517-009-4
_95000
021 _aRU
_b2000-17487
_9833
035 _a(NLR Aleph) 000105649
090 _a598029
_c598029
100 _a20000913d2000 |||y0rusy50 ca
101 0 _arus
102 _aRU
105 _aa |||||||||
200 1 _aРабота с файлами
_fП.В. Румянцев
210 _aМ.
_cГорячая линия-Телеком
_d2000
215 _a197 с.
_cил.
_d20
225 1 _aБархатный путь
300 _aЗагл. обл.: Работа с файлами в Win 32
300 _aВ вып. дан. загл.: Работа с файлами в Win 32 API
517 0 _aРабота с файлами в Win 32 API
606 _8rus
_aWIN 32 API, интерфейс
_7ca
_3RU\NLR\auth\661266986
_92093662
686 _aЗ973.23-018.2
700 1 _aРумянцев
_bП. В.
_gПавел Васильевич
_4070
801 0 _aRU
_bNLR
_c20000913
_gPSBO
801 1 _aRU
_bNLR
_c20000913
830 _aАвт. по кн.
852 _aNLR
_j2000-3/9286
942 _cBOOK
980 _aNB